lessons in Chess Strategy : (Record no. 305497)
[ view plain ]
| 000 -LEADER | |
|---|---|
| fixed length control field | 00630nam a2200229Ia 4500 |
| 008 - FIXED-LENGTH DATA ELEMENTS--GENERAL INFORMATION | |
| fixed length control field | 170203s9999 xx 000 0 und d |
| 020 ## - INTERNATIONAL STANDARD BOOK NUMBER | |
| International Standard Book Number | 1901983935 |
| 050 ## - LIBRARY OF CONGRESS CALL NUMBER | |
| Classification number | 794.1 |
| 050 ## - LIBRARY OF CONGRESS CALL NUMBER | |
| Item number | .B422l 2003 |
| 100 ## - MAIN ENTRY--PERSONAL NAME | |
| Personal name | Beim, Valeri. |
| 245 ## - TITLE STATEMENT | |
| Title | lessons in Chess Strategy : |
| 245 ## - TITLE STATEMENT | |
| Remainder of title | tips and guidance from a succesful chess trainer / |
| 245 ## - TITLE STATEMENT | |
| Statement of responsibility, etc | Valeri beim ; English translation, Gavin Lock 2003 |
| 260 ## - PUBLICATION, DISTRIBUTION, ETC. (IMPRINT) | |
| Place of publication, distribution, etc | United Kingdom : |
| 260 ## - PUBLICATION, DISTRIBUTION, ETC. (IMPRINT) | |
| Name of publisher, distributor, etc | Gambit Publications Ltd. |
| 260 ## - PUBLICATION, DISTRIBUTION, ETC. (IMPRINT) | |
| Date of publication, distribution, etc | 2003 |
| 300 ## - PHYSICAL DESCRIPTION | |
| Extent | 176 pages : |
| 300 ## - PHYSICAL DESCRIPTION | |
| Other physical details | illustrations ; |
| 300 ## - PHYSICAL DESCRIPTION | |
| Dimensions | 25 cm. |
| 650 ## - SUBJECT ADDED ENTRY--TOPICAL TERM | |
| Topical term or geographic name as entry element | Chess Strategy. |
| 650 ## - SUBJECT ADDED ENTRY--TOPICAL TERM | |
| General subdivision | Sports. |
| Withdrawn status | Lost status | Damaged status | Home library | Current library | Shelving location | Date acquired | Total Checkouts | Full call number | Barcode | Date last seen | Price effective from | Koha item type |
|---|---|---|---|---|---|---|---|---|---|---|---|---|
| Stonyhurst Southville International School (Batangas) | Stonyhurst Southville International School (Batangas) | 02/03/2017 | 794.1 .B422l 2003 | US-1291 | 02/03/2017 | 02/03/2017 | Books |